Estadísticas para Capitales mundiales cerca de Jerusalén

Haz click aquí para tomar la prueba!

Estadísticas generales

  • Esta prueba ha sido tomada 937 veces
  • La puntuación promedio es 15 de 20

Estadísticas de respuestas

kmCapitalmillas% Correcto
430Cairo267
96%
932Ankara579
91%
237Beirut147
91%
217Damasco135
91%
1559Teherán969
90%
879Bagdad546
89%
1256Atenas780
88%
1376Riad855
86%
415Nicosia258
85%
71Amán50
83%
1250Ciudad de Kuwait777
79%
1606Sofía998
76%
1628Bakú1012
71%
1619Bucarest1006
68%
1253Ereván779
67%
1736Tirana1079
66%
1396Tiflis868
64%
1670Skopie1038
53%
1616Manama1004
49%
1735Pristina1078
47%

Distribución de puntuación

Porcentaje por número respondido

Porcentaje de gente con cada puntuación

Historial de tus puntuaciones

No has tomado esta prueba